000 00442nam a22001817a 4500
003 MPLRDC
005 20220104144520.0
008 210129b ||||| |||| 00| 0 eng d
020 _a7-5634-1491-6
082 _a192.8 JY
100 _a金缨
245 _a格言联璧
_c
260 _a
_b延边出版社
_c2001
300 _b
490 _a中国古代启蒙教育丛书
650 _a格言; 箴言; 金言
942 _cBK
_o192.8 JY
999 _c50371
_d50361